| 000 | 00787nam a2200229 a 4500 | ||
|---|---|---|---|
| 001 | 63525 | ||
| 003 | BD-RjUL | ||
| 005 | 20211209081216.0 | ||
| 008 | 170131s2008 ben||||| |||| 00| 0 ben d | ||
| 020 | _c: Tk 75.00 | ||
| 035 | _a(BD-RjUL)63654 | ||
| 040 |
_aBD-RjUL _bben _cBD-RjUL |
||
| 041 | _aben | ||
| 082 |
_223 _a891.441 _bBAB 2008 |
||
| 100 |
_aবাবুল, সুলতান মাহমুদ _9177229 |
||
| 245 | 1 | 0 |
_aভালবাসাস্রোতে / _cসুলতাম মাহমুদ বাবুল |
| 260 |
_aঢাকা ; _bমৌ প্রকাশনী, _c২০০৮ |
||
| 300 |
_a৬০ পৃ. ; _c২১ সেমি. |
||
| 650 |
_aবাংলা কবিতা _9179513 |
||
| 650 |
_aBengali Poetry _9179514 |
||
| 942 |
_2ddc _cBK |
||
| 999 |
_c63525 _d63525 |
||